000 00411nam a22001697a 4500
003 MPLRDC
005 20220104125405.0
008 210129b ||||| |||| 00| 0 eng d
020 _a7-80074-466-3
082 _a857.9 SMQY v.2
100 _a司马青云
245 _a武当七绝. 中
_c
260 _a
_b中国华侨出版公司
_c
300 _b
650 _a武侠小说
942 _cBK
_o857.9 SMQY v.2
999 _c26975
_d26965